Statistics for FIFA World Cup 2014 - All Goalscorers

Click here to take the quiz!

General Stats

  • This quiz has been taken 334 times
  • The average score is 61 of 116

Answer Stats

HintAnswer% Correct
Lionel Messi
98%
Cristiano Ronaldo
92%
Neymar
92%
Thomas Müller
92%
James Rodríguez
91%
Luis Suárez
89%
Robin van Persie
89%
Arjen Robben
88%
Miroslav Klose
85%
Alexis Sánchez
84%
Karim Benzema
83%
Romelu Lukaku
83%
David Luiz
82%
Edin Džeko
81%
Wayne Rooney
80%
Edinson Cavani
79%
Mats Hummels
79%
Thiago Silva
79%
Gonzalo Higuaín
78%
Mario Götze
78%
Ángel Di María
76%
David Villa
76%
Mario Mandžukić
76%
Paul Pogba
76%
Tim Cahill
76%
Toni Kroos
76%
Kevin De Bruyne
74%
Oscar
74%
Xherdan Shaqiri
74%
Clint Dempsey
73%
Enner Valencia
70%
Heung-min Son
69%
André Schürrle
68%
Javier Hernández
68%
Sami Khedira
67%
Diego Godín
65%
Fernando Torres
65%
Ivan Perišić
65%
Fred
64%
Mesut Özil
64%
Mario Balotelli
63%
Asamoah Gyan
62%
Bryan Ruiz
62%
Olivier Giroud
62%
Wesley Sneijder
62%
Memphis Depay
61%
Miralem Pjanić
61%
Dries Mertens
59%
Keisuke Honda
59%
Xabi Alonso
59%
Gervinho
58%
Islam Slimani
58%
Klaas-Jan Huntelaar
58%
Marcos Rojo
58%
Jan Vertonghen
57%
Daniel Sturridge
56%
Granit Xhaka
56%
Joel Campbell
56%
Leroy Fer
56%
Ahmed Musa
55%
André Ayew
55%
Daley Blind
54%
Juan Cuadrado
52%
Marouane Fellaini
52%
Blaise Matuidi
51%
Jackson Martínez
51%
Mathieu Valbuena
49%
Giovani dos Santos
48%
Nani
47%
Claudio Marchisio
46%
Divock Origi
46%
Rafael Márquez
46%
Stefan de Vrij
46%
Jermaine Jones
44%
Eduardo Vargas
42%
Ivica Olić
42%
Mile Jedinak
42%
Wilfried Bony
42%
Georginio Wijnaldum
40%
Fernandinho
39%
Georgios Samaras
39%
Moussa Sissoko
38%
Sokratis Papastathopoulos
38%
Shinji Okazaki
37%
Haris Seferović
35%
Juan Mata
35%
Yassine Brahimi
35%
Joël Matip
33%
John Anthony Brooks
33%
Andrés Guardado
30%
Sofiane Feghouli
30%
Vedad Ibišević
29%
Julian Green
28%
Oribe Peralta
28%
Aleksandr Kokorin
27%
Charles Aránguiz
26%
Juan Fernando Quintero
24%
Andreas Samaris
23%
Blerim Džemaili
23%
Silvestre Varela
22%
Aleksandr Kerzhakov
21%
Jorge Valdivia
21%
Lee Keun-ho
20%
Teófilo Gutiérrez
20%
Admir Mehmedi
19%
Óscar Duarte
19%
Pablo Armero
19%
Carlos Costly
18%
Reza Ghoochannejhad
18%
Abdelmoumene Djabou
17%
Jean Beausejour
17%
Marco Ureña
17%
Peter Odemwingie
14%
Koo Ja-cheol
13%
Rafik Halliche
12%
Avdija Vršajević
9%

Score Distribution

Percentile by Number Answered

Percent of People with Each Score

Your Score History

You have not taken this quiz